000 01037nam a22002537a 4500
005 20170124103040.0
010 _aB-081671
020 _c120.00
_a8187482036
035 _aB-081671
037 _bCen Lib/Ret
040 _aDPL
_bHN
082 _a
_bवर्माश्री
100 _aवर्मा, श्रीराम
_966973
245 _aबीच में एक बच्ची /
_cश्रीराम वर्मा
246 _aBeech mei ek bachci /
_bby Shreeram Varma
260 _bवाग्देवी प्रकाशन
_aबीकानेर
_c2000
270 _bबीकानेर
_aसुगम निवास, चंद्सागर
_e334001
300 _a144पृ.
_c20सेमी(सजिल्द )
650 _a हिंदी साहित्य
_x
_z
_966974
650 _a हिंदी कहानियां
_92082
650 _aHindi literature
_966975
650 _aHindi stories
_966976
942 _2ddc
_cHN
_h
_mवर्माश्री
999 _c116522
_d116522